Most Populous States Minefield Quiz Stats

Quiz Updated Nov 21, 2014

Challenge
Share
Tweet
Embed
Score 0/26 Timer 07:00
18 Plays Today
Rank State % Correct
1???
87.5%
3???
84.1%
2???
81.8%
4???
77.2%
5???
62.3%
6???
58.4%
7???
55.7%
9???
55.6%
8???
50.6%
11???
48.3%
12???
47.9%
14???
47.3%
10???
45.4%
Rank State % Correct
16???
45.2%
13???
44.2%
15???
37.6%
17???
33%
22???
32.4%
19???
32.2%
18???
31%
21???
29.6%
25???
29%
24???
28.2%
20???
26.5%
23???
23.4%
--???
6%

You're not logged in!

Compare scores with friends on all Sporcle quizzes.
Join for Free
OR
Log In

You Might Also Like...

Show Comments

Extras

Top Quizzes Today


Score Distribution

Your Account Isn't Verified!

In order to create a playlist on Sporcle, you need to verify the email address you used during registration. Go to your Sporcle Settings to finish the process.

Report this User

Report this user for behavior that violates our Community Guidelines.

Details: